Mary on a Cross lyrics Ghost - Statistics

General Stats
  • This quiz has been taken 315 times
    198 since last reset
  • The average score is 235 of 277
Answer Stats
lyrics % Correct
a
99%
i
97%
I
97%
on
97%
cross
96%
go
96%
Mary
96%
you
96%
down
95%
just
95%
to
94%
not
92%
we
90%
and
89%
like
89%
Holy
88%
the
88%
me
87%
never
87%
be
86%
were
86%
with
86%
bloody
85%
Bloody
85%
that
85%
nothing
84%
Nothing
84%
run
84%
see
84%
wrong
84%
will
82%
another
81%
away
81%
choose
81%
if
81%
let
81%
but
80%
together
80%
of
79%
tickle
79%
all
78%
is
78%
dark
76%
truth
76%
was
76%
matter
74%
internally
73%
avenues
72%
got
72%
high
72%
speeding
70%
riding
68%
sorrow
68%
blues
67%
besides
66%
through
66%
for
63%
it
60%
bruised
59%
ever
58%
fools
58%
glamour
58%
scared
58%
your
58%
beauty
57%
dues
57%
cities
56%
stardom
56%
pay
55%
by
53%
searching
53%
found
52%
rocking
52%
play
51%
quickly
51%
rules
51%
scanning
51%
I'll
50%
reasons
50%
we'll
43%
had
25%
after
16%
No matching quizzes found
Score Distribution
Percent of People with Each Score
Percentile by Number Answered
Your Score History
You have not taken this quiz since the last reset